Effectif Allemagne - Euro 2021 - Statistiques

Statistiques générales
  • Ce quiz a été pris 11 fois
  • Le résultat moyen est 21 sur 27
Statistiques - réponses
POSTE CLUB NUMERO JOUEUR % Correct
DEF Chelsea 2 Antonio Rüdiger
100%
MIL Bayern Munich 18 Leon Goretzka
100%
G Bayern Munich 1 Manuel Neuer
100%
DEF Borussia Dortmund 5 Mats Hummels
100%
ATT Bayern Munich 10 Serge Gnabry
100%
ATT Bayern Munich 25 Thomas Müller
100%
MIL Real Madrid 8 Toni Kroos
100%
G Arsenal 12 Bernd Leno
90%
MIL Manchester City 21 İlkay Gündoğan
90%
MIL Bayern Munich 14 Jamal Musiala
90%
MIL Bayern Munich 6 Joshua Kimmich
90%
G Eintracht Francfort 22 Kevin Trapp
90%
ATT Bayern Munich 19 Leroy Sané
90%
ATT Chelsea 11 Timo Werner
90%
MIL Borussia Dortmund 23 Emre Can
80%
COACH - - Joachim Löw
80%
ATT Chelsea 7 Kai Havertz
80%
ATT AS Monaco 9 Kevin Volland
80%
DEF Bayern Munich 15 Niklas Süle
80%
DEF RB Leipzig 16 Lukas Klostermann
70%
DEF Atalanta Bergame 20 Robin Gosens
60%
MIL Borussia Mönchengladbach 13 Jonas Hofmann
50%
DEF Borussia Mönchengladbach 4 Matthias Ginter
50%
DEF Leeds 24 Robin Koch
50%
DEF SC Fribourg 26 Christian Günter
40%
DEF RB Leipzig 3 Marcel Halstenberg
40%
MIL Borussia Mönchengladbach 17 Florian Neuhaus
30%
Aucun quiz correspondant
Distribution des résultats
% des personnes avec chaque résultat
Percentile par nombre de réponses
Votre historique - résultats
Vous n’avez pas pris ce quiz